000 00409nam a2200145Ia 4500
003 SGT
082 _a363.25968
_bPAT
100 _aPatzakis,John
245 _aInternal computer investigations as a critical control activity
260 _bGuidance Software
_aNew Delhi
_c2009
300 _aVp.
650 _aCOMPUTER ENGINEERING
653 _aPOWER SYSTEM,DREAM SYSTEM, MISCELLANEOUS HARDWARE
942 _2ddc
_cBK
999 _c5681
_d5681